00373nam a22001457a 450000500170000000800410001702000180005805000180007610000210009424500410011526000310015630000110018750000100019870000190020820250130182445.0250130b |||||||| |||| 00| 0 eng d a9781403903136 aBV 4012.2 GEL aGELDARD, Kathryn acounselling skills in every day life ahoundmillsbPalgravec2003 ax,208p aindex aGeldard, David